000 00465nam a2200169Ia 4500
003 GCL
008 140319s9999 xx 000 0 ara d
040 _aGCL /
_cGCL
082 0 4 _a956.903
_bن م
100 1 _aنصر شمالى
245 1 0 _aملاحظات اساسية حول تاريخ المسالة اليهودية /
_cنصر شمالى
300 _a189 ص
490 _a
650 0 4 _aاليهودية
650 0 4 _aالصهيونية
942 _2ddc
_cBK
999 _c44516
_d44516